Los aspectos problemáticos del método de diálogo o armonización de las fuentes del derecho privado. Un análisis crítico a partir del anteproyecto de Código de Defensa del Consumidor / (Registro nro. 5261)
[ vista simple ]
| 000 -LEADER | |
|---|---|
| fixed length control field | 01395nab a22002417a 4500 |
| 003 - CONTROL NUMBER IDENTIFIER | |
| control field | OSt |
| 005 - DATE AND TIME OF LATEST TRANSACTION | |
| control field | 20250209211620.0 |
| 008 - FIXED-LENGTH DATA ELEMENTS--GENERAL INFORMATION | |
| fixed length control field | 190603e xxum|||| |||| 00| 0 spa d |
| 040 ## - CATALOGING SOURCE | |
| Transcribing agency | PJ |
| 100 ## - MAIN ENTRY--PERSONAL NAME | |
| 9 (RLIN) | 6314 |
| Personal name | Ovejero Silva, Bruno |
| 245 13 - TITLE STATEMENT | |
| Title | Los aspectos problemáticos del método de diálogo o armonización de las fuentes del derecho privado. Un análisis crítico a partir del anteproyecto de Código de Defensa del Consumidor / |
| Statement of responsibility, etc | Bruno Ovejero Silva. |
| 260 ## - PUBLICATION, DISTRIBUTION, ETC. (IMPRINT) | |
| Date of publication, distribution, etc | Ciudad Autónoma de Buenos Aires : |
| Place of publication, distribution, etc | Thomson Reuters La Ley, |
| Name of publisher, distributor, etc | 2025. |
| 300 ## - PHYSICAL DESCRIPTION | |
| Extent | p. 313 - 326. |
| 500 ## - GENERAL NOTE | |
| General note | Cita Online: TR LALEY AR/DOC/35/2025.<br/>Publicado en: RCCyC 2025 (febrero) , 313. |
| 505 ## - FORMATTED CONTENTS NOTE | |
| Formatted contents note | Sumario: I. Introducción.— II. Del diálogo de fuentes a la armonización.— III. El objeto del diálogo: las fuentes.— IV. La finalidad del diálogo: la solución de antinomias.— V. El diálogo como propuesta metodológica.— VI. A modo de conclusión. |
| 505 ## - FORMATTED CONTENTS NOTE | |
| Title | ¿Te interesa el texto completo? Solicitalo al correo: koha@justierradelfuego.gov.ar |
| 650 #0 - SUBJECT ADDED ENTRY--TOPICAL TERM | |
| 9 (RLIN) | 2597 |
| Topical term or geographic name as entry element | DEFENSA DEL CONSUMIDOR |
| 650 #0 - SUBJECT ADDED ENTRY--TOPICAL TERM | |
| 9 (RLIN) | 2630 |
| Topical term or geographic name as entry element | FUENTES DEL DERECHO |
| 650 #0 - SUBJECT ADDED ENTRY--TOPICAL TERM | |
| 9 (RLIN) | 755 |
| Topical term or geographic name as entry element | CONTROL DE CONSTITUCIONALIDAD |
| 650 #0 - SUBJECT ADDED ENTRY--TOPICAL TERM | |
| 9 (RLIN) | 3533 |
| Topical term or geographic name as entry element | INTERPRETACION DE LA LEY |
| 773 0# - HOST ITEM ENTRY | |
| Host Biblionumber | 2713 |
| Host Itemnumber | 3170 |
| Place, publisher, and date of publication | Ciudad Autónoma de Buenos Aires : Thomson Reuters La Ley, 2015- |
| Title | Revista Código Civil y Comercial. Nº 1 - Febrero 2025 |
| 942 ## - ADDED ENTRY ELEMENTS (KOHA) | |
| Source of classification or shelving scheme | |
| Koha item type | Analítica Artículo de Revista |
No hay ítems disponibles.
